125 brain games for toddlers and twos : Simple games to promote early brain development

Bibliographic Details
Main Author: Silberg,Jackie
Format: Book
Published: New Delhi : Viva Books Private Limited , 2005
Subjects:

MARC

LEADER 00000cam a2200000 7i4500
001 0000066352
005 20160923.0
008 160923
020 |a 8176498467 
020 |a 9788176498463 
090 0 0 |a 648.08   |b SIL 
100 1 |a Silberg,Jackie 
245 1 0 |a 125 brain games for toddlers and twos :   |b Simple games to promote early brain development   |c Jackie Silberg 
260 |a New Delhi :   |b Viva Books Private Limited ,   |c 2005 
300 |a 143p. :   |b .ill 
500 |a Includes index 
650 0 |a Brain 
999 |a 0000923850   |b Book   |c Adult Collection   |e Cawangan Bukit Gambir 
999 |a 0000923852   |b Book   |c Adult Collection   |e Cawangan Bukit Gambir 
999 |a 0000938962   |b Book   |c Adult Collection   |e Cawangan Tangkak